Sweet Nothing - Taylor Swift (All Lyrics) - Statistics

General Stats
  • This quiz has been taken 176 times
    167 since last reset
  • The average score is 241 of 271
Answer Stats
Lyrics % Correct
a
100%
A
100%
I
100%
nothin'
100%
sweet
100%
you
99%
You
99%
"You
99%
you,
99%
for
98%
in
98%
it
98%
my
98%
that
98%
the
98%
we
98%
We
98%
your
97%
ever
95%
up
95%
is
94%
somethin'
94%
somethin')
94%
They
94%
they
94%
(They
94%
to
94%
To
94%
with
94%
All
93%
all
93%
comin'
93%
comin')
93%
said
93%
wanted
93%
end
92%
Everyone's
92%
(Everyone's
92%
eye
92%
from
92%
was
92%
and
91%
And
91%
as
91%
July
91%
last
91%
me
91%
nothings
91%
home
90%
just
90%
little
90%
picked
90%
say,
90%
You're
90%
(You're
90%
almost
88%
forgot
88%
I'm
88%
myself
88%
On
88%
can
87%
inside
87%
kitchen
87%
pocket
87%
spy
87%
be
86%
deep
86%
Down
86%
of
86%
time
86%
tired
86%
too
86%
"What
86%
'Cause
85%
find
85%
hummin'
85%
hummin')
85%
Ooh,
85%
ooh
85%
Ooh
85%
runnin'
85%
This
85%
Tiny
85%
admit
84%
mind"
84%
should
84%
Does
83%
happens
83%
more"
83%
poem
83%
way
83%
soft
81%
wrote
81%
doing
80%
firefly
80%
pebble
80%
voices
78%
each
77%
out
77%
implore,
76%
other
76%
sometimes?
76%
push
74%
talking
74%
miss
73%
smooth
71%
they're
71%
shovin'
69%
shovin')
69%
soul
69%
Industry
67%
Outside,
65%
(Outside,
65%
Wicklow
58%
deconstructors
56%
disruptors
52%
glad
52%
handing
48%
hucksters
48%
No matching quizzes found
Score Distribution
Percent of People with Each Score
Percentile by Number Answered
Your Score History
You have not taken this quiz since the last reset